Országos vásár

Glosa hodnotí krajinský jarmok v Humennom konaný 30. októbra 1912. Statok - prehľady o predvedených a o predaných kusoch.

Podrobná bibliografia
Médium: Článok
Jazyk:Hungarian
Témy:
Zdroj: 1. Felvidéki Hirlap 1. Roč. 5, č. 42 (03.11.1912) s. 2
LEADER 00827nab#a2200301#ar4500
001 000074083
003 SVKKK
005 20040609xxxxxxx.
008 06 c xo huno
FMT
038 |a SVKKK 
040 |a SVKKK  |b slo  |e AACR2 
041 0 |a hun 
044 |a xo  |c SK 
080 |a 394.6 
242 1 0 |a Krajinský jarmok 
245 0 0 |a Országos vásár 
500 |a mikrofilm 
520 2 |a Glosa hodnotí krajinský jarmok v Humennom konaný 30. októbra 1912. Statok - prehľady o predvedených a o predaných kusoch. 
650 0 4 |a jarmoky - jarmok krajinský, Humenné - Humenné - 30.10.1912 - glosy 
773 0 |t Felvidéki Hirlap  |g Roč. 5, č. 42 (03.11.1912) s. 2 
957 |a Humenné 
958 |a DG 
958 |a SK 
974 |a Ba  |d 20040609 
992 |a RBX 
BAS
998 |a RETRO